<?xml version="1.0" encoding="UTF-8"?>
<record
    xmlns:xsi="http://www.w3.org/2001/XMLSchema-instance"
    xsi:schemaLocation="http://www.loc.gov/MARC21/slim http://www.loc.gov/standards/marcxml/schema/MARC21slim.xsd"
    xmlns="http://www.loc.gov/MARC21/slim">

  <leader>00457nam a22001817a 4500</leader>
  <controlfield tag="005">20260602152238.0</controlfield>
  <controlfield tag="008">260602b        |||||||| |||| 00| 0 eng d</controlfield>
  <datafield tag="020" ind1=" " ind2=" ">
    <subfield code="a">9788123903040</subfield>
    <subfield code="c">250.00</subfield>
  </datafield>
  <datafield tag="040" ind1=" " ind2=" ">
    <subfield code="a">MAIN</subfield>
  </datafield>
  <datafield tag="041" ind1=" " ind2=" ">
    <subfield code="a">English</subfield>
  </datafield>
  <datafield tag="082" ind1=" " ind2=" ">
    <subfield code="b">IRO</subfield>
    <subfield code="a">531</subfield>
  </datafield>
  <datafield tag="100" ind1=" " ind2=" ">
    <subfield code="a">Irodov, I.E.</subfield>
    <subfield code="9">26989</subfield>
  </datafield>
  <datafield tag="245" ind1=" " ind2=" ">
    <subfield code="a">Fundamental Laws of Mechanics </subfield>
  </datafield>
  <datafield tag="260" ind1=" " ind2=" ">
    <subfield code="a">New Delhi</subfield>
    <subfield code="b">CBS Publishers </subfield>
    <subfield code="c">2004</subfield>
  </datafield>
  <datafield tag="300" ind1=" " ind2=" ">
    <subfield code="a">271</subfield>
  </datafield>
  <datafield tag="650" ind1=" " ind2=" ">
    <subfield code="a">Physics (PM USHA)</subfield>
    <subfield code="9">26699</subfield>
  </datafield>
  <datafield tag="942" ind1=" " ind2=" ">
    <subfield code="c">BK</subfield>
  </datafield>
  <datafield tag="999" ind1=" " ind2=" ">
    <subfield code="c">60962</subfield>
    <subfield code="d">60962</subfield>
  </datafield>
  <datafield tag="952" ind1=" " ind2=" ">
    <subfield code="0">0</subfield>
    <subfield code="1">0</subfield>
    <subfield code="2">ddc</subfield>
    <subfield code="4">0</subfield>
    <subfield code="6">531_000000000000000_IRO</subfield>
    <subfield code="7">1</subfield>
    <subfield code="9">94237</subfield>
    <subfield code="a">MAIN</subfield>
    <subfield code="b">MAIN</subfield>
    <subfield code="d">2026-06-02</subfield>
    <subfield code="o">531 IRO</subfield>
    <subfield code="p">33238</subfield>
    <subfield code="r">2026-06-02</subfield>
    <subfield code="w">2026-06-02</subfield>
    <subfield code="y">REF</subfield>
  </datafield>
  <datafield tag="952" ind1=" " ind2=" ">
    <subfield code="0">0</subfield>
    <subfield code="1">0</subfield>
    <subfield code="2">ddc</subfield>
    <subfield code="4">0</subfield>
    <subfield code="6">531_000000000000000_IRO</subfield>
    <subfield code="7">0</subfield>
    <subfield code="9">94238</subfield>
    <subfield code="a">MAIN</subfield>
    <subfield code="b">MAIN</subfield>
    <subfield code="d">2026-06-02</subfield>
    <subfield code="o">531 IRO</subfield>
    <subfield code="p">33239</subfield>
    <subfield code="r">2026-06-02</subfield>
    <subfield code="w">2026-06-02</subfield>
    <subfield code="y">BK</subfield>
    <subfield code="w">2026-06-02</subfield>
  </datafield>
  <datafield tag="952" ind1=" " ind2=" ">
    <subfield code="0">0</subfield>
    <subfield code="1">0</subfield>
    <subfield code="2">ddc</subfield>
    <subfield code="4">0</subfield>
    <subfield code="6">531_000000000000000_IRO</subfield>
    <subfield code="7">0</subfield>
    <subfield code="9">94239</subfield>
    <subfield code="a">MAIN</subfield>
    <subfield code="b">MAIN</subfield>
    <subfield code="d">2026-06-02</subfield>
    <subfield code="o">531 IRO</subfield>
    <subfield code="p">33240</subfield>
    <subfield code="r">2026-06-02</subfield>
    <subfield code="w">2026-06-02</subfield>
    <subfield code="y">BK</subfield>
    <subfield code="w">2026-06-02</subfield>
  </datafield>
</record>
